000 01389nam a2200397 i 4500
001 12596
003 KOSZ 005
005 20221025091131.0
008 070729s1970 pl a f 001 0 pol
015 _aPB 1970/3524
040 _aWA N
_cWA N
_dKOSZ 005/RW
_dKOSZ 005/HR
046 _k1970
080 _a669.017
080 _a620.1
100 1 _aKowalski, Zbigniew
_c(inżynier)
_eAutor
245 1 0 _aTaśmy metalowe z pokryciami organicznymi /
_cZbigniew Kowalski, Andrzej Kozłowski.
260 _aWarszawa :
_bWydawnictwa Naukowo-Techniczne,
_c1970.
300 _a298, [2] s., [1] k. tabl. :
_bil. ;
_c23 cm.
336 _2rdacontent
_aTekst
_btxt
337 _2rdamedia
_aBez urządzenia pośredniczącego
_bn
338 _2rdacarrier
_aWolumin
_bnc
380 _aKsiążki
388 _a1901-2000
388 _a1945-1989
490 1 _aOchrona przed Korozją
504 _aBibliogr. przy rozdz. Indeks.
650 4 _aKorozja i erozja
650 4 _aMetale
650 4 _aPowłoki ochronne
658 _aInżynieria i technika
700 1 _aKozłowski, Andrzej
_c(inżynieria materiałowa)
_eAutor
710 2 _aWydawnictwa Naukowo-Techniczne
_4pbl.
830 0 _aOchrona Przed Korozją
856 _uhttp://koha.tu.koszalin.pl/cgi-bin/koha/opac-detail.pl?biblionumber=12596
_yKatalog online BPK
942 _2UKD
_cKS
999 _c12596
_d12596